Doctor de Soto / (Registro nro. 65543)
[ vista simple ]
| 000 -LEADER | |
|---|---|
| fixed length control field | 00756nam a2200241 u 4500 |
| 001 - CONTROL NUMBER | |
| control field | 65543 |
| 005 - DATE AND TIME OF LATEST TRANSACTION | |
| control field | 20180714072928.0 |
| 008 - FIXED-LENGTH DATA ELEMENTS--GENERAL INFORMATION | |
| fixed length control field | 160617s2001 xxua r 000 0 spa d |
| 020 ## - INTERNATIONAL STANDARD BOOK NUMBER | |
| International Standard Book Number | 0439262836 |
| 041 0# - LANGUAGE CODE | |
| Language code of text/sound track or separate title | spa |
| 082 0# - DEWEY DECIMAL CLASSIFICATION NUMBER | |
| Classification number | 808.068 |
| Item number | STR |
| 100 1# - MAIN ENTRY--PERSONAL NAME | |
| Personal name | Steig, William, |
| Dates associated with a name | 1907-2003 |
| Relator term | autor |
| 245 10 - TITLE STATEMENT | |
| Title | Doctor de Soto / |
| Statement of responsibility, etc. | William Steig, traducción de María Puncel. |
| 250 ## - EDITION STATEMENT | |
| Edition statement | [Primera edición] |
| 264 #1 - PRODUCTION, PUBLICATION, DISTRIBUTION, MANUFACTURE, AND COPYRIGHT NOTICE | |
| Place of production, publication, distribution, manufacture | United States of América : |
| Name of producer, publisher, distributor, manufacturer | Scholastic, |
| Date of production, publication, distribution, manufacture, or copyright notice | 2001 |
| 300 ## - PHYSICAL DESCRIPTION | |
| Extent | 28 páginas : |
| Other physical details | ilustraciones ; |
| Dimensions | 26 cm. |
| 336 ## - CONTENT TYPE | |
| Content type term | texto |
| Source | rdacontent |
| 337 ## - MEDIA TYPE | |
| Media type term | sin mediación |
| Source | rdamedia |
| 338 ## - CARRIER TYPE | |
| Carrier type term | volumen |
| Source | rdacarrier |
| 650 #4 - SUBJECT ADDED ENTRY--TOPICAL TERM | |
| Topical term or geographic name entry element | Literatura infantil |
| 650 #4 - SUBJECT ADDED ENTRY--TOPICAL TERM | |
| Topical term or geographic name entry element | Dentista |
| General subdivision | Novela |
| 700 1# - ADDED ENTRY--PERSONAL NAME | |
| Personal name | Puncel, María |
| Relator term | traductor |
| Withdrawn status | Lost status | Source of classification or shelving scheme | Damaged status | Not for loan | Collection code | Home library | Current library | Shelving location | Date acquired | Source of acquisition | Inventory number | Total Checkouts | Full call number | Barcode | Date last seen | Price effective from | Koha item type |
|---|---|---|---|---|---|---|---|---|---|---|---|---|---|---|---|---|---|
| Dewey Decimal Classification | Infantil | Biblioteca Karol Wojtyla | Biblioteca Karol Wojtyla | Área de silencio | 17/06/2016 | Compra | 151000000000000000065862 | 808.068 STE 2001 | 95729 | 05/01/2026 | 21/07/2016 | Libro infantil |